000 00762nam a2200289Ia 4500
001 17474
003 IT-RoPAU
008 130308s9999 xx 000 0 und d
040 _aIT-RoPAU
040 _cIT-RoPAU
041 _aITALIANO
100 _aAttali Jacques
100 _gCodice Aut. SPICS: 9746
245 _aElogio della verità
245 _b"Verita' (La)-Atti del Convegno di Parigi 1980 ""La Verite'"""
250 _a1a ed.
260 _aMILANO
260 _bFeltrinelli
260 _c1981 [1° Ed.:1981 - Ed.Ling.Originale:1980]
300 _a"7 p. (prefazione: no ; testo: 7 [pagine: 248-254])"
650 _aEPISTEMOLOGIA
650 _eCodice materia Spics: 3051
942 _cBK
957 _71
999 _c38709
_d38709
999 _bSI
999 _g1